| 000 | 01642nam a22003974a 4500 | ||
|---|---|---|---|
| 001 | ebr10120777 | ||
| 003 | CaPaEBR | ||
| 006 | m u | ||
| 007 | cr cn||||||||| | ||
| 008 | 060411s2006 dcua sb i000 0 eng | ||
| 010 | _z 2006045006 | ||
| 020 | _z0821366033 | ||
| 040 |
_aCaPaEBR _cCaPaEBR |
||
| 035 | _a(OCoLC)68001934 | ||
| 043 | _ad------ | ||
| 050 | 1 | 4 |
_aHG178.33.D44 _bG35 2006eb |
| 082 | 0 | 4 |
_a332.109172/4 _222 |
| 100 | 1 |
_aGallardo, Joselito S., _d1938- |
|
| 245 | 1 | 0 |
_aStrategic alliances to scale up financial services in rural areas _h[electronic resource] / _cJoselito Gallardo, Michael Goldberg, Bikki Randhawa. |
| 260 |
_aWashington, D.C. : _bWorld Bank, _cc2006. |
||
| 300 |
_axv, 41 p. : _bill. |
||
| 490 | 1 |
_aWorld Bank working paper ; _vno. 76 |
|
| 504 | _aIncludes bibliographical references (p. 39-41). | ||
| 533 |
_aElectronic reproduction. _bPalo Alto, Calif. : _cebrary, _d2013. _nAvailable via World Wide Web. _nAccess may be limited to ebrary affiliated libraries. |
||
| 650 | 0 |
_aMicrofinance _zDeveloping countries. |
|
| 650 | 0 |
_aRural development _zDeveloping countries. |
|
| 650 | 0 |
_aRural credit _zDeveloping countries. |
|
| 650 | 0 |
_aFinancial institutions _zDeveloping countries. |
|
| 650 | 0 |
_aStrategic alliances (Business) _zDeveloping countries. |
|
| 655 | 7 |
_aElectronic books. _2local |
|
| 700 | 1 |
_aGoldberg, Mike, _d1956- |
|
| 700 | 1 |
_aRandhawa, Bikki K., _d1959- |
|
| 710 | 2 | _aebrary, Inc. | |
| 830 | 0 |
_aWorld Bank working paper ; _vno. 76. |
|
| 856 | 4 | 0 |
_uhttp://site.ebrary.com/lib/rucke/Doc?id=10120777 _zAn electronic book accessible through the World Wide Web; click to view |
| 999 |
_c216229 _d216229 |
||